Mecánica de fluidos con aplicaciones en ingeniería
Сохранить в:
| Главные авторы: | , |
|---|---|
| Формат: | |
| Язык: | испанский |
| Опубликовано: |
Madrid
McGraw Hill
1999
|
| Редактирование: | 9a. ed |
| Предметы: | |
| Метки: |
Добавить метку
Нет меток, Требуется 1-ая метка записи!
|
MARC
| LEADER | 00000nam a2200000 a 4500 | ||
|---|---|---|---|
| 001 | UCO3871 | ||
| 003 | CL-VaPUC | ||
| 008 | 000728e19990000SP |||||||||||||||||spa|d | ||
| 020 | |a 844812474X | ||
| 082 | 0 | 4 | |a 620.106 |b FRA |2 21 |
| 100 | 0 | |a Franzini, Joseph B |e author |9 447874 | |
| 700 | 0 | |a Finnemore, E. John |e author |9 447875 | |
| 245 | 1 | 0 | |a Mecánica de fluidos con aplicaciones en ingeniería |
| 250 | |a 9a. ed | ||
| 300 | |a 503 p | ||
| 942 | |c BK | ||
| 945 | |d 20000728 00:00:00 |a vberengu | ||
| 260 | |a Madrid |b McGraw Hill |c 1999 | ||
| 650 | 7 | |a BOMBAS |2 CL-VaPUC |9 259418 | |
| 650 | 0 | |a Estática de fluidos |9 375305 | |
| 650 | 0 | |a Propiedades de los fluidos |9 426534 | |
| 650 | 7 | |a TURBINAS |2 CL-VaPUC |9 263552 | |
| 583 | |a last modification |c 20000728 00:00:00 |k Rodrigo Vera | ||
| 999 | |c 289997 |d 289995 | ||
| 952 | |0 0 |1 0 |4 0 |6 620_106000000000000_FRA_1999 |7 0 |8 A |9 339075 |a BIBING |b BIBING |d 2019-11-20 |i 363731K |l 1 |o 620.106 FRA 1999 |p 363731K |r 2025-01-20 |s 2022-09-26 |w 2019-11-20 |y BK |k EIQ | ||
| 952 | |0 0 |1 0 |4 0 |6 620_106000000000000_FRA_1999 |7 0 |8 A |9 339077 |a BIBING |b BIBING |d 2019-11-20 |i 3637336 |o 620.106 FRA 1999 |p 3637336 |r 2025-01-20 |w 2019-11-20 |y BK |k EIQ | ||
| 952 | |0 0 |1 0 |4 0 |6 620_106000000000000_FRA_1999 |7 0 |8 A |9 339080 |a BIBING |b BIBING |d 2019-11-20 |i 3686469 |o 620.106 FRA 1999 |p 3686469 |r 2023-03-02 |w 2019-11-20 |y BK |k EIQ | ||
| 952 | |0 0 |1 0 |4 0 |6 620_106000000000000_FRA_1999 |7 0 |8 A |9 339081 |a BIBING |b BIBING |d 2019-11-20 |i 3686477 |o 620.106 FRA 1999 |p 3686477 |r 2025-01-20 |w 2019-11-20 |y BK |k EIQ | ||
| 952 | |0 0 |1 0 |4 0 |6 620_106000000000000_FRA_1999 |7 0 |8 A |9 339098 |a BIBING |b BIBING |d 2019-11-20 |i 3855988 |o 620.106 FRA 1999 |p 3855988 |r 2025-01-20 |w 2019-11-20 |y BK |k CCL | ||
| 952 | |0 0 |1 0 |4 0 |6 620_106000000000000_FRA_1999 |7 0 |8 A |9 339099 |a BIBING |b BIBING |d 2019-11-20 |i 3856011 |o 620.106 FRA 1999 |p 3856011 |r 2025-01-20 |w 2019-11-20 |y BK |k CCL | ||
| 952 | |0 0 |1 0 |4 0 |6 620_106000000000000_FRA_1999 |7 0 |8 A |9 339100 |a BIBING |b BIBING |d 2019-11-20 |i 4209079 |o 620.106 FRA 1999 |p 4209079 |r 2023-03-02 |w 2019-11-20 |y BK |k CIC | ||
| 952 | |0 0 |1 0 |4 0 |6 620_106000000000000_FRA_1999 |7 0 |8 A |9 339101 |a BIBALI |b BIBALI |c GEN |d 2019-11-20 |i 3813657 |l 4 |m 2 |o 620.106 FRA 1999 |p 3813657 |q 2025-07-31 |r 2024-03-05 |s 2024-03-05 |w 2019-11-20 |y BK |k ALI | ||